| 000 | 00759nam a2200229 a 4500 | ||
|---|---|---|---|
| 001 | 73501 | ||
| 003 | BD-RjUL | ||
| 005 | 20211209082414.0 | ||
| 008 | 170603s1982 ilua b 001 0 eng | ||
| 035 | _a(BD-RjUL)73719 | ||
| 040 |
_aDLC _cDLC _dDLC _dBD-RjUL _beng |
||
| 041 | _aeng | ||
| 082 | 0 | 0 |
_a362.11068 _223 _bSNO 1982 |
| 100 | 1 |
_aSnook, I. Donald. _935940 |
|
| 245 | 1 | 0 |
_aOpportunities in hospital administration / _cI. Donald Snook, Jr. |
| 260 |
_aSkokie : _bVGM Career Horizons, _cc1982. |
||
| 300 |
_aix, 150 p. : _bill. ; _c20 cm. |
||
| 504 | _aBibliography: p. 133-135. | ||
| 650 | 0 |
_aHospitals _xAdministration _xVocational guidance. _9217473 |
|
| 650 | 0 |
_aHospitals _xAdministration _xVocational guidance _zUnited States. _9217474 |
|
| 942 |
_2ddc _cBK |
||
| 999 |
_c73501 _d73501 |
||